| 000 | 00449nam a2200169 a 4500 | ||
|---|---|---|---|
| 001 | 13260 | ||
| 003 | CO-ViMGA | ||
| 008 | 141112s2004 ck r 000 u spa d | ||
| 040 |
_aCO-ViMGA _bspa _cCO-ViMGA |
||
| 082 | 0 | 4 | _aBr 861 F377e |
| 100 | 1 |
_aFerreira, Izacyl Guimaraes _919443 |
|
| 245 | 1 | 0 | _aEntre os meus semelhantes |
| 260 |
_aSao Pablo : _bEditora Scortecci, _c1994 |
||
| 300 | _a117 | ||
| 650 | 1 | 4 |
_aPOESIA BRASILEÑA _919444 |
| 942 |
_2ddc _cBK |
||
| 999 |
_c24008 _d24008 |
||